[Event "XLIV Memoriał Szachowy Ludwika Zamenhofa 2025, Grupa B"]
[Site "Bialystok, Poland"]
[Date "2025.12.27"]
[Round "1.14"]
[White "Kultucki, Kamil"]
[Black "Mielczarski, Miroslaw"]
[Result "1/2-1/2"]
[TimeControl "90'+30\""]
[WhiteElo "1781"]
[BlackElo "2042"]

1. d4 {[%clk 01:30:58]} c5 {[%clk 01:30:25]} {[%emt 00:00:35]} 2. d5 {[%clk
01:31:19]} {[%emt 00:00:09]} e5 {[%clk 01:30:47]} {[%emt 00:00:07]} 3. c4
{[%clk 01:31:31]} {[%emt 00:00:19]} d6 {[%clk 01:31:08]} {[%emt 00:00:09]} 4.
Nc3 {[%clk 01:31:20]} {[%emt 00:00:41]} Be7 {[%clk 01:31:29]} {[%emt 00:00:10]}
5. Nf3 {[%clk 01:30:18]} {[%emt 00:01:31]} f5 {[%clk 01:29:04]} {[%emt
00:02:55]} 6. e4 {[%clk 01:26:22]} {[%emt 00:04:26]} f4 {[%clk 01:28:51]}
{[%emt 00:00:44]} 7. Be2 {[%clk 01:21:36]} {[%emt 00:05:15]} Na6 {[%clk
01:21:12]} {[%emt 00:08:09]} 8. a3 {[%clk 01:17:04]} {[%emt 00:05:02]} Nf6
{[%clk 01:00:39]} {[%emt 00:21:03]} 9. h3 {[%clk 01:16:55]} {[%emt 00:00:40]}
O-O {[%clk 01:00:35]} {[%emt 00:00:34]} 10. Nh2 {[%clk 01:16:42]} {[%emt
00:00:42]} Bd7 {[%clk 00:59:38]} {[%emt 00:01:27]} 11. Ng4 {[%clk 01:16:08]}
{[%emt 00:01:04]} Ne8 {[%clk 00:57:42]} {[%emt 00:02:25]} 12. Rb1 {[%clk
01:14:44]} {[%emt 00:01:56]} g6 {[%clk 00:53:22]} {[%emt 00:04:49]} 13. b4
{[%clk 01:07:09]} {[%emt 00:08:05]} Rc8 {[%clk 00:52:52]} {[%emt 00:01:00]} 14.
b5 {[%clk 01:06:08]} {[%emt 00:01:32]} Nb8 {[%clk 00:53:01]} {[%emt 00:00:20]}
15. a4 {[%clk 00:57:17]} {[%emt 00:09:22]} h5 {[%clk 00:50:47]} {[%emt
00:02:44]} 16. Nh2 {[%clk 00:56:36]} {[%emt 00:01:10]} Ng7 {[%clk 00:49:20]}
{[%emt 00:01:56]} 17. Ra1 {[%clk 00:50:02]} {[%emt 00:07:04]} Qe8 {[%clk
00:46:17]} {[%emt 00:03:26]} 18. Bb2 {[%clk 00:43:14]} {[%emt 00:07:26]} g5
{[%clk 00:45:27]} {[%emt 00:01:20]} 19. f3 {[%clk 00:42:06]} {[%emt 00:01:38]}
Rd8 {[%clk 00:40:14]} {[%emt 00:05:42]} 20. a5 {[%clk 00:41:20]} {[%emt
00:01:17]} Bc8 {[%clk 00:40:27]} {[%emt 00:00:17]} 21. Qb3 {[%clk 00:39:17]}
{[%emt 00:02:32]} Nd7 {[%clk 00:31:43]} {[%emt 00:09:15]} 22. a6 {[%clk
00:35:29]} {[%emt 00:04:18]} b6 {[%clk 00:31:28]} {[%emt 00:00:45]} 23. Qd1
{[%clk 00:34:59]} {[%emt 00:01:00]} Nf6 {[%clk 00:30:48]} {[%emt 00:01:09]} 24.
Kd2 {[%clk 00:33:38]} {[%emt 00:01:51]} Qg6 {[%clk 00:29:42]} {[%emt 00:01:36]}
25. Ra3 {[%clk 00:33:07]} {[%emt 00:01:02]} Kf7 {[%clk 00:29:19]} {[%emt
00:00:52]} 26. Kd3 {[%clk 00:31:26]} {[%emt 00:02:11]} Rh8 {[%clk 00:28:05]}
{[%emt 00:01:45]} 27. Nf1 {[%clk 00:29:33]} {[%emt 00:02:23]} g4 {[%clk
00:27:38]} {[%emt 00:00:58]} 28. Nd2 {[%clk 00:29:32]} {[%emt 00:00:30]} Rdg8
{[%clk 00:27:09]} {[%emt 00:00:59]} 29. Ra1 {[%clk 00:29:13]} {[%emt 00:00:49]}
Nge8 {[%clk 00:27:07]} {[%emt 00:00:32]} 30. Qc2 {[%clk 00:24:41]} {[%emt
00:05:02]} Rh7 {[%clk 00:23:32]} {[%emt 00:04:05]} 31. Rae1 {[%clk 00:21:01]}
{[%emt 00:04:10]} Rhg7 {[%clk 00:21:42]} {[%emt 00:02:21]} 32. Qc1 {[%clk
00:20:52]} {[%emt 00:00:39]} gxh3 {[%clk 00:21:27]} {[%emt 00:00:44]} 33. gxh3
{[%clk 00:21:03]} {[%emt 00:00:18]} Qh6 {[%clk 00:20:38]} {[%emt 00:01:19]} 34.
h4 {[%clk 00:19:04]} {[%emt 00:02:30]} Rg3 {[%clk 00:17:01]} {[%emt 00:04:06]}
35. Kc2 {[%clk 00:15:45]} {[%emt 00:03:49]} Qg6 {[%clk 00:15:17]} {[%emt
00:02:14]} 36. Bf1 {[%emt 00:02:47]} Nd7 {[%clk 00:14:31]} {[%emt 00:00:06]} 37.
Bh3 {[%clk 00:14:43]} {[%emt 00:00:25]} Bf6 {[%clk 00:14:09]} {[%emt 00:00:51]}
38. Be6+ {[%clk 00:14:24]} {[%emt 00:00:51]} Kf8 {[%clk 00:14:30]} {[%emt
00:00:09]} 39. Bxg8 {[%clk 00:14:28]} {[%emt 00:00:26]} Qxg8 {[%clk 00:14:53]}
{[%emt 00:00:07]} 40. Reg1 {[%clk 00:14:20]} {[%emt 00:00:38]} Qf7 {[%clk
00:14:15]} {[%emt 00:01:07]} 41. Rxg3 {[%clk 00:13:45]} {[%emt 00:01:06]} fxg3
{[%clk 00:14:41]} {[%emt 00:00:04]} 42. Qg1 {[%clk 00:13:56]} {[%emt 00:00:18]}
Qg6 {[%clk 00:14:38]} {[%emt 00:00:34]} 43. Ne2 {[%clk 00:14:12]} {[%emt
00:00:13]} Qh6 {[%clk 00:14:11]} {[%emt 00:00:57]} 44. Nxg3 {[%clk 00:13:39]}
{[%emt 00:01:04]} Ng7 {[%clk 00:14:18]} {[%emt 00:00:23]} 45. Bc1 {[%clk
00:13:48]} {[%emt 00:00:21]} Qh7 {[%clk 00:14:27]} {[%emt 00:00:20]} 46. Ndf1
{[%clk 00:14:09]} {[%emt 00:00:09]} Kf7 {[%clk 00:14:56]} {[%emt 00:00:02]} 47.
Ne3 {[%clk 00:14:27]} {[%emt 00:00:12]} Nf8 {[%clk 00:15:24]} {[%emt 00:00:02]}
48. Qf2 {[%clk 00:13:27]} {[%emt 00:01:30]} Ng6 {[%clk 00:15:46]} {[%emt
00:00:08]} 49. Nef5 {[%clk 00:13:33]} {[%emt 00:00:23]} Nxf5 {[%clk 00:15:25]}
{[%emt 00:00:52]} 50. Nxf5 {[%clk 00:12:49]} {[%emt 00:01:13]} Bxf5 {[%clk
00:15:29]} {[%emt 00:00:27]} 51. exf5 {[%clk 00:13:07]} {[%emt 00:00:11]} Nf4
{[%clk 00:15:50]} {[%emt 00:00:09]} 52. Bxf4 {[%emt 00:01:42]} Qxf5+ {[%clk
00:16:05]} 53. Kb3 {[%clk 00:12:15]} {[%emt 00:00:26]} Qxf4 {[%clk 00:16:21]}
{[%emt 00:00:14]} 54. Rf1 {[%clk 00:11:14]} {[%emt 00:01:31]} Bxh4 {[%clk
00:16:24]} {[%emt 00:00:27]} 55. Qc2 {[%clk 00:11:29]} {[%emt 00:00:15]} Kg7
{[%clk 00:16:08]} {[%emt 00:00:45]} 56. Rg1+ {[%clk 00:11:03]} {[%emt
00:00:56]} Bg3 {[%clk 00:15:46]} {[%emt 00:00:50]} 57. Qg2 {[%clk 00:09:10]}
{[%emt 00:02:26]} h4 {[%clk 00:15:43]} {[%emt 00:00:32]} 58. Qf1 {[%clk
00:07:42]} {[%emt 00:01:58]} Qe3+ {[%clk 00:15:35]} {[%emt 00:00:37]} 59. Kc2
{[%clk 00:07:46]} {[%emt 00:00:28]} Kf6 {[%clk 00:15:36]} {[%emt 00:00:30]} 60.
Rg2 {[%clk 00:07:56]} {[%emt 00:00:19]} Kg5 {[%clk 00:11:10]} {[%emt 00:04:52]}
61. Re2 {[%clk 00:07:31]} {[%emt 00:00:59]} Qa3 {[%clk 00:09:12]} {[%emt
00:02:23]} 62. Re4 {[%clk 00:07:45]} {[%emt 00:00:20]} Qa2+ {[%clk 00:08:36]}
{[%emt 00:01:07]} 63. Kc3 {[%clk 00:08:02]} {[%emt 00:00:13]} Qa3+ {[%clk
00:06:50]} {[%emt 00:02:16]} 64. Kc2 {[%clk 00:08:20]} {[%emt 00:00:12]} Qa2+
{[%clk 00:05:34]} {[%emt 00:01:47]} 65. Kc3 {[%clk 00:08:42]} {[%emt 00:00:07]}
Qa3+ {[%clk 00:03:28]} {[%emt 00:02:36]} 66. Kc2 {[%clk 00:09:04]} {[%emt
00:00:07]} Qa2+ {[%clk 00:02:32]} {[%emt 00:01:26]} 67. Kc3 {[%clk 00:09:26]}
{[%emt 00:00:09]} Qa3+ {[%clk 00:00:51]} {[%emt 00:02:11]} 68. Kc2 {[%clk
00:09:47]} {[%emt 00:00:08]} Bf4 {[%clk 00:00:48]} {[%emt 00:00:33]} 69. Qh3
{[%clk 00:08:51]} {[%emt 00:01:26]} Qa2+ {[%clk 00:00:46]} {[%emt 00:00:33]} 70.
Kc3 {[%clk 00:08:51]} {[%emt 00:00:30]} Qd2+ {[%clk 00:00:58]} {[%emt
00:00:17]} 71. Kb3 {[%clk 00:09:15]} {[%emt 00:00:07]} Qd1+ {[%clk 00:01:08]}
{[%emt 00:00:19]} 72. Ka2 {[%clk 00:08:12]} {[%emt 00:01:34]} Qc2+ {[%clk
00:00:46]} {[%emt 00:00:51]} 73. Ka1 {[%clk 00:08:34]} {[%emt 00:00:09]} Qc3+
{[%clk 00:01:06]} {[%emt 00:00:09]} 74. Ka2 {[%clk 00:08:57]} {[%emt 00:00:08]}
Qc2+ {[%clk 00:01:04]} {[%emt 00:00:32]} 75. Ka1 {[%clk 00:09:25]} {[%emt
00:00:02]} Qc3+ {[%clk 00:00:37]} {[%emt 00:00:57]} 76. Ka2 {[%clk 00:09:52]}
{[%emt 00:00:03]} Qc2+ {[%clk 00:00:44]} {[%emt 00:00:22]} 77. Ka1 {[%clk
00:10:15]} {[%emt 00:00:08]} Qc3+ {[%clk 00:00:32]} {[%emt 00:00:42]} 1/2-1/2

[Event "XLIV Memoriał Szachowy Ludwika Zamenhofa 2025, Grupa B"]
[Site "Bialystok, Poland"]
[Date "2025.12.27"]
[Round "1.15"]
[White "Kozlowski, Pawel"]
[Black "Mykhaliuk, Mykhailo"]
[Result "1-0"]
[TimeControl "90'+30\""]
[WhiteElo "2036"]
[BlackElo "1775"]

1. e4 {[%clk 01:30:56]} {[%emt 00:00:02]} e5 {[%clk 01:30:34]} {[%emt
00:00:27]} 2. Nf3 {[%clk 01:31:02]} {[%emt 00:00:24]} Nc6 {[%clk 01:28:56]}
{[%emt 00:02:09]} 3. c3 {[%clk 01:31:25]} {[%emt 00:00:07]} f5 {[%clk
01:26:40]} {[%emt 00:02:45]} 4. exf5 {[%clk 01:28:01]} {[%emt 00:03:54]} d6
{[%clk 01:26:01]} {[%emt 00:01:09]} 5. Bb5 {[%clk 01:21:39]} {[%emt 00:06:52]}
Bxf5 {[%clk 01:25:59]} {[%emt 00:00:31]} 6. d4 {[%clk 01:19:58]} {[%emt
00:02:12]} exd4 {[%clk 01:24:38]} {[%emt 00:01:51]} 7. Nxd4 {[%clk 01:17:56]}
{[%emt 00:02:32]} Bd7 {[%clk 01:24:48]} {[%emt 00:00:19]} 8. O-O {[%clk
01:11:58]} {[%emt 00:06:28]} Nxd4 {[%clk 01:24:53]} {[%emt 00:00:25]} 9. Re1+
{[%clk 01:09:51]} {[%emt 00:02:38]} Be7 {[%clk 01:25:01]} {[%emt 00:00:19]} 10.
Qxd4 {[%clk 01:09:42]} {[%emt 00:00:41]} Nf6 {[%clk 01:24:49]} {[%emt
00:00:41]} 11. Bc4 {[%clk 01:09:16]} {[%emt 00:00:58]} Kf8 {[%clk 01:21:26]}
{[%emt 00:03:53]} 12. Bg5 {[%clk 01:07:24]} {[%emt 00:02:21]} Bc6 {[%clk
01:19:41]} {[%emt 00:02:15]} 13. Nd2 {[%clk 00:57:35]} {[%emt 00:10:21]} d5
{[%clk 01:18:57]} {[%emt 00:01:11]} 14. Bd3 {[%clk 00:57:30]} {[%emt 00:00:37]}
h6 {[%clk 01:15:25]} {[%emt 00:04:02]} 15. Bh4 {[%clk 00:56:14]} {[%emt
00:01:46]} Be8 {[%clk 01:13:08]} {[%emt 00:02:47]} 16. b4 {[%clk 00:36:15]}
{[%emt 00:20:29]} Bh5 {[%clk 01:10:17]} {[%emt 00:03:18]} 17. Re5 {[%clk
00:33:09]} {[%emt 00:03:38]} g5 {[%clk 01:10:09]} {[%emt 00:00:39]} 18. Bg3
{[%clk 00:28:29]} {[%emt 00:05:10]} Kf7 {[%clk 01:09:06]} {[%emt 00:01:31]} 19.
f4 {[%clk 00:18:25]} {[%emt 00:10:36]} g4 {[%clk 01:07:00]} {[%emt 00:02:35]}
20. Rae1 {[%clk 00:17:21]} {[%emt 00:01:34]} Re8 {[%clk 01:04:55]} {[%emt
00:02:35]} 21. Bf5 {[%clk 00:08:24]} {[%emt 00:09:28]} c6 {[%clk 01:04:52]}
{[%emt 00:00:32]} 22. Be6+ {[%clk 00:08:34]} {[%emt 00:00:20]} Kg6 {[%clk
01:03:28]} {[%emt 00:01:53]} 23. Bf5+ {[%clk 00:05:07]} {[%emt 00:03:59]} Kf7
{[%clk 01:03:17]} {[%emt 00:00:41]} 24. Bf2 {[%clk 00:01:52]} {[%emt 00:03:44]}
Bg6 {[%clk 01:00:53]} {[%emt 00:02:54]} 25. Bxg6+ {[%clk 00:00:45]} {[%emt
00:01:38]} Kxg6 {[%clk 01:01:16]} {[%emt 00:00:07]} 26. Qd3+ {[%clk 00:00:39]}
{[%emt 00:00:36]} Kf7 {[%clk 01:00:48]} {[%emt 00:00:58]} 27. Bd4 {[%clk
00:00:48]} {[%emt 00:00:20]} b6 {[%clk 00:59:09]} {[%emt 00:02:10]} 28. Re6
{[%clk 00:00:44]} {[%emt 00:00:34]} Ne4 {[%clk 00:55:45]} {[%emt 00:03:54]} 29.
Nxe4 {[%clk 00:01:00]} {[%emt 00:00:14]} Kxe6 {[%clk 00:54:43]} {[%emt
00:01:32]} 30. Nc5+ {[%clk 00:01:20]} {[%emt 00:00:09]} 1-0

[Event "XLIV Memoriał Szachowy Ludwika Zamenhofa 2025, Grupa B"]
[Site "Bialystok, Poland"]
[Date "2025.12.27"]
[Round "1.16"]
[White "Lenkov, Stanislav"]
[Black "Maciejewski, Kamil"]
[Result "1/2-1/2"]
[TimeControl "90'+30\""]
[WhiteElo "1769"]
[BlackElo "2036"]

1. e4 {[%clk 01:30:35]} {[%emt 00:00:25]} e5 {[%clk 01:30:44]} {[%emt
00:00:15]} 2. Nf3 {[%clk 01:30:58]} {[%emt 00:00:07]} Nf6 {[%clk 01:30:22]}
{[%emt 00:00:52]} 3. d4 {[%clk 01:31:22]} {[%emt 00:00:06]} d6 {[%clk
01:23:43]} {[%emt 00:07:10]} 4. Nc3 {[%clk 01:24:39]} {[%emt 00:07:13]} Nbd7
{[%clk 01:23:57]} {[%emt 00:00:14]} 5. Bc4 {[%clk 01:24:52]} {[%emt 00:00:19]}
Be7 {[%clk 01:24:14]} {[%emt 00:00:13]} 6. O-O {[%clk 01:24:44]} {[%emt
00:00:37]} O-O {[%clk 01:24:00]} {[%emt 00:00:45]} 7. Re1 {[%clk 01:25:07]}
{[%emt 00:00:07]} c6 {[%clk 01:22:30]} {[%emt 00:02:00]} 8. a4 {[%clk
01:25:11]} {[%emt 00:00:26]} a5 {[%clk 01:14:02]} {[%emt 00:08:58]} 9. h3
{[%clk 01:22:18]} {[%emt 00:03:22]} Qc7 {[%clk 01:11:47]} {[%emt 00:02:45]} 10.
d5 {[%clk 01:17:37]} {[%emt 00:05:11]} Nb6 {[%clk 01:07:21]} {[%emt 00:04:57]}
11. Bb3 {[%clk 01:17:35]} {[%emt 00:00:31]} cxd5 {[%clk 01:05:20]} {[%emt
00:02:32]} 12. Bxd5 {[%clk 01:13:14]} {[%emt 00:04:51]} Nfxd5 {[%clk 00:59:32]}
{[%emt 00:06:18]} 13. exd5 {[%clk 01:13:08]} {[%emt 00:00:35]} Bf5 {[%clk
00:50:41]} {[%emt 00:09:22]} 14. Be3 {[%clk 01:10:28]} {[%emt 00:03:10]} Nc4
{[%clk 00:48:20]} {[%emt 00:02:51]} 15. Nb5 {[%clk 01:10:37]} {[%emt 00:00:21]}
Qc8 {[%clk 00:35:31]} {[%emt 00:13:18]} 16. Bd4 {[%clk 01:05:23]} {[%emt
00:05:44]} Re8 {[%clk 00:26:30]} {[%emt 00:09:32]} 17. b3 {[%clk 00:59:32]}
{[%emt 00:06:21]} exd4 {[%clk 00:24:18]} {[%emt 00:02:42]} 18. bxc4 {[%clk
00:59:42]} {[%emt 00:00:20]} Bd7 {[%clk 00:19:47]} {[%emt 00:05:01]} 19. Qd3
{[%clk 00:53:52]} {[%emt 00:06:20]} Bxb5 {[%clk 00:16:54]} {[%emt 00:03:23]} 20.
cxb5 {[%clk 00:52:05]} {[%emt 00:02:17]} Qc5 {[%clk 00:11:08]} {[%emt
00:06:16]} 21. Qxd4 {[%clk 00:42:30]} {[%emt 00:10:04]} Qxd4 {[%clk 00:03:15]}
{[%emt 00:08:24]} 22. Nxd4 {[%clk 00:42:52]} {[%emt 00:00:07]} Bf6 {[%clk
00:03:42]} {[%emt 00:00:03]} 23. Rxe8+ {[%clk 00:43:06]} {[%emt 00:00:16]} Rxe8
{[%clk 00:04:06]} {[%emt 00:00:06]} 24. Rd1 {[%clk 00:43:26]} {[%emt 00:00:04]}
Re4 {[%clk 00:00:41]} {[%emt 00:04:02]} 25. c3 {[%clk 00:43:18]} {[%emt
00:00:38]} Kf8 {[%clk 00:00:32]} {[%emt 00:00:40]} 26. Rd3 {[%clk 00:42:19]}
{[%emt 00:01:28]} Bxd4 {[%clk 00:00:35]} {[%emt 00:00:27]} 27. Rxd4 {[%clk
00:42:36]} {[%emt 00:00:12]} Rxd4 {[%clk 00:00:35]} {[%emt 00:00:31]} 28. cxd4
{[%clk 00:43:05]} {[%emt 00:00:01]} b6 {[%clk 00:00:41]} {[%emt 00:00:25]} 29.
f4 {[%clk 00:43:19]} {[%emt 00:00:15]} f5 {[%clk 00:00:44]} {[%emt 00:00:27]}
30. Kf2 {[%clk 00:43:45]} {[%emt 00:00:03]} Kf7 {[%clk 00:00:53]} {[%emt
00:00:22]} 31. Kg3 {[%clk 00:43:48]} {[%emt 00:00:25]} Kg6 {[%clk 00:00:33]}
{[%emt 00:00:52]} 32. Kh4 {[%clk 00:43:54]} {[%emt 00:00:23]} Kh6 {[%clk
00:00:34]} {[%emt 00:00:31]} 33. g4 {[%clk 00:43:36]} {[%emt 00:00:47]} g6
{[%clk 00:00:33]} {[%emt 00:00:31]} 34. Kg3 {[%clk 00:43:12]} {[%emt 00:00:52]}
Kg7 {[%clk 00:00:56]} {[%emt 00:00:08]} 35. h4 {[%clk 00:43:32]} {[%emt
00:00:09]} fxg4 {[%clk 00:00:32]} {[%emt 00:00:55]} 36. Kxg4 {[%clk 00:43:42]}
{[%emt 00:00:21]} Kf6 {[%clk 00:00:58]} {[%emt 00:00:04]} 37. f5 {[%clk
00:43:18]} {[%emt 00:00:53]} gxf5+ {[%clk 00:00:48]} {[%emt 00:00:41]} 38. Kf4
{[%clk 00:43:14]} {[%emt 00:00:27]} Kg6 {[%clk 00:00:40]} {[%emt 00:00:45]} 39.
Kf3 {[%clk 00:42:36]} {[%emt 00:01:07]} Kh5 {[%clk 00:00:32]} {[%emt 00:00:39]}
40. Kf4 {[%clk 00:43:01]} {[%emt 00:00:04]} Kg6 {[%clk 00:00:42]} {[%emt
00:00:20]} 1/2-1/2

[Event "XLIV Memoriał Szachowy Ludwika Zamenhofa 2025, Grupa B"]
[Site "Bialystok, Poland"]
[Date "2025.12.27"]
[Round "1.17"]
[White "Ptaszynski, Szymon"]
[Black "Kozlowski, Kacper"]
[Result "1-0"]
[TimeControl "90'+30\""]
[WhiteElo "2025"]
[BlackElo "1764"]

1. e4 {[%clk 01:30:52]} {[%emt 00:00:08]} c5 {[%clk 01:30:42]} {[%emt
00:00:18]} 2. Nf3 {[%clk 01:31:17]} {[%emt 00:00:05]} d6 {[%clk 01:31:08]}
{[%emt 00:00:04]} 3. d4 {[%clk 01:31:39]} {[%emt 00:00:09]} cxd4 {[%clk
01:31:31]} {[%emt 00:00:06]} 4. Nxd4 {[%clk 01:32:06]} {[%emt 00:00:03]} Nf6
{[%clk 01:31:54]} {[%emt 00:00:07]} 5. Nc3 {[%clk 01:32:32]} {[%emt 00:00:03]}
Nc6 {[%clk 01:32:18]} {[%emt 00:00:07]} 6. Bc4 {[%clk 01:31:16]} {[%emt
00:01:46]} e6 {[%clk 01:31:50]} {[%emt 00:00:57]} 7. Be3 {[%clk 01:30:43]}
{[%emt 00:01:03]} Be7 {[%clk 01:31:56]} {[%emt 00:00:25]} 8. O-O {[%clk
01:30:59]} {[%emt 00:00:13]} O-O {[%clk 01:31:32]} {[%emt 00:00:54]} 9. Bb3
{[%clk 01:29:43]} {[%emt 00:01:48]} Bd7 {[%clk 01:28:09]} {[%emt 00:03:52]} 10.
Qe2 {[%clk 01:27:33]} {[%emt 00:02:40]} a6 {[%clk 01:23:51]} {[%emt 00:04:47]}
11. f4 {[%clk 01:20:22]} {[%emt 00:07:41]} b5 {[%clk 01:19:38]} {[%emt
00:04:43]} 12. a3 {[%clk 01:20:26]} {[%emt 00:00:28]} Rc8 {[%clk 01:18:02]}
{[%emt 00:02:04]} 13. Kh1 {[%clk 01:17:42]} {[%emt 00:03:15]} Qc7 {[%clk
01:09:35]} {[%emt 00:08:57]} 14. f5 {[%clk 01:05:19]} {[%emt 00:12:53]} e5
{[%clk 01:07:27]} {[%emt 00:02:37]} 15. Nxc6 {[%clk 01:01:15]} {[%emt
00:04:35]} Bxc6 {[%clk 01:06:54]} {[%emt 00:01:02]} 16. Bg5 {[%clk 01:00:31]}
{[%emt 00:01:14]} Qb6 {[%clk 00:47:38]} {[%emt 00:19:44]} 17. Rad1 {[%clk
00:59:53]} {[%emt 00:01:10]} Rfd8 {[%clk 00:47:01]} {[%emt 00:01:07]} 18. Bxf6
{[%clk 00:50:11]} {[%emt 00:10:13]} Bxf6 {[%clk 00:47:14]} {[%emt 00:00:16]} 19.
Nd5 {[%clk 00:41:31]} {[%emt 00:09:11]} Bxd5 {[%clk 00:47:16]} {[%emt
00:00:28]} 20. Rxd5 {[%clk 00:41:38]} {[%emt 00:00:23]} Rc5 {[%clk 00:45:16]}
{[%emt 00:02:28]} 21. Rd3 {[%clk 00:38:05]} {[%emt 00:04:05]} a5 {[%clk
00:42:20]} {[%emt 00:03:25]} 22. Rh3 {[%clk 00:37:45]} {[%emt 00:00:50]} h6
{[%clk 00:39:20]} {[%emt 00:03:30]} 23. Rg3 {[%clk 00:14:21]} {[%emt 00:23:55]}
Qc7 {[%clk 00:35:46]} {[%emt 00:04:03]} 24. c3 {[%clk 00:14:31]} {[%emt
00:00:21]} Rb8 {[%clk 00:34:52]} {[%emt 00:01:23]} 25. Qd2 {[%clk 00:13:45]}
{[%emt 00:01:14]} Bg5 {[%clk 00:33:27]} {[%emt 00:01:58]} 26. Rxg5 {[%clk
00:12:11]} {[%emt 00:02:04]} hxg5 {[%clk 00:33:12]} {[%emt 00:00:44]} 27. f6
{[%clk 00:12:33]} {[%emt 00:00:08]} g6 {[%clk 00:29:24]} {[%emt 00:04:18]} 28.
Qxg5 {[%clk 00:12:58]} {[%emt 00:00:05]} Kf8 {[%clk 00:29:40]} {[%emt
00:00:14]} 29. Qh6+ {[%clk 00:13:03]} {[%emt 00:00:26]} Ke8 {[%clk 00:29:37]}
{[%emt 00:00:31]} 30. Be6 {[%clk 00:09:49]} {[%emt 00:03:45]} fxe6 {[%clk
00:28:14]} {[%emt 00:01:54]} 31. f7+ {[%clk 00:10:15]} {[%emt 00:00:04]} Kd7
{[%clk 00:28:13]} {[%emt 00:00:29]} 32. f8=Q {[%clk 00:09:55]} {[%emt
00:00:52]} Rxf8 {[%clk 00:28:36]} {[%emt 00:00:08]} 33. Qxf8 {[%clk 00:10:00]}
{[%emt 00:00:24]} Qd8 {[%clk 00:27:47]} {[%emt 00:01:17]} 34. Rf7+ {[%clk
00:10:22]} {[%emt 00:00:09]} Kc8 {[%clk 00:28:06]} {[%emt 00:00:11]} 35. Qh6
{[%clk 00:10:47]} {[%emt 00:00:03]} b4 {[%clk 00:27:26]} {[%emt 00:01:13]} 36.
axb4 {[%clk 00:11:06]} {[%emt 00:00:12]} axb4 {[%clk 00:27:38]} {[%emt
00:00:17]} 37. Rf8 {[%clk 00:11:31]} {[%emt 00:00:05]} bxc3 {[%clk 00:27:39]}
{[%emt 00:00:28]} 38. Rxd8+ {[%clk 00:11:54]} {[%emt 00:00:08]} Kxd8 {[%clk
00:28:05]} {[%emt 00:00:04]} 39. bxc3 {[%clk 00:12:16]} {[%emt 00:00:08]} Rxc3
{[%clk 00:28:31]} {[%emt 00:00:04]} 40. h4 {[%clk 00:12:37]} {[%emt 00:00:08]}
d5 {[%clk 00:28:49]} {[%emt 00:00:13]} 41. exd5 {[%clk 00:12:58]} {[%emt
00:00:09]} exd5 {[%clk 00:29:15]} {[%emt 00:00:04]} 42. Qh8+ {[%clk 00:13:25]}
{[%emt 00:00:03]} 1-0